| 000 | 00867nam a2200241ma 4500 | ||
|---|---|---|---|
| 001 | 000014414 | ||
| 003 | UkOxU | ||
| 005 | 20200929163841.0 | ||
| 008 | 860101s1941 xx 000 0 spa d | ||
| 035 | _aOCLC ocm03373612 from D960216M | ||
| 040 |
_aDO-SdBNP _cTOL _dDZM _dEQO |
||
| 050 | 0 |
_aPA51 _b.K84 1941 |
|
| 082 | _aD0503585876 | ||
| 100 | 1 |
_aKroll, Wilhelm, _d1869-1939. _932522 |
|
| 245 | 1 | 0 |
_aHistoria de la filología clásica. / _cTr. y ampliada por Pascual Galindo Romeo. |
| 250 | _a2. ed | ||
| 260 |
_aBarcelona : _bEditorial Labor, _c[1941]. |
||
| 300 |
_a188 p. : _bilus., ports. ; _c19 cm. |
||
| 440 | 0 |
_aColección Labor. _nSección III, _pCiencias literarias _932523 |
|
| 650 | 0 |
_aClassical philology _xHistory _932524 |
|
| 852 |
_714676005 _yIn place _5503585877 |
||
| 910 | _aCatalogación derivada | ||
| 999 |
_c14005 _d14005 |
||